000 00486nam a2200193 4500
003 OSt
005 20260530113907.0
008 260506b1976 njua|||| |||| 00| 0 eng d
040 _aICI
_bspa
_cICI
041 _aeng
050 _aNK2195.S7 S63 1976
245 1 0 _aSpace and storage
264 1 _aNew Jersey :
_bTime Life Books
_a1976
300 _a128 páginas
336 _atexto
_2rdacontent
337 _asin medio
_2rdamedia
338 _avolumen
_2rdacarrier
942 _2lcc
_cBK
_n1
999 _c11996
_d11996